| 000 | 00646nam a2200217Ia 4500 | ||
|---|---|---|---|
| 003 | GCL | ||
| 008 | 140319s9999 xx 000 0 ara d | ||
| 020 | _a5441232977 | ||
| 040 |
_aGCL / _cGCL |
||
| 082 | 0 | 4 |
_a616.89144 _bا س |
| 100 | 1 | _aاحمد الجلاد | |
| 245 | 1 | 0 |
_aسياحة الاسترخاء / _cاحمد الجلاد |
| 250 | _aالاولى | ||
| 260 |
_aالقاهرة : _bعالم الكتب الحديث ، _c2005 |
||
| 300 |
_a102 ص ؛ _c25 سم |
||
| 650 | 0 | 4 | _aالترفيه |
| 650 | 0 | 4 | _aالاسترخاء |
| 650 | 0 | 4 | _aالسياحة العلاجية |
| 650 | 0 | 4 | _aالعلاج البيئى |
| 942 |
_2ddc _cBK |
||
| 999 |
_c48043 _d48043 |
||